[Event "9th Tabor Open 2013"]
[Site "Tabor CZE"]
[Date "2013.07.31"]
[Round "5.58"]
[White "Lezakova,Dana"]
[Black "Rychtecky,P"]
[Result "0-1"]
[WhiteElo "1450"]
[BlackElo "1741"]

1.e4 c5 2.Nc3 Nc6 3.Nf3 d6 4.Be2 Nf6 5.O-O e6 6.d4 cxd4 7.Nxd4 Be7 8.Bb5 Bd7
9.Re1 O-O 10.Nf3 a6 11.Bc4 h6 12.e5 dxe5 13.Nxe5 Nxe5 14.Rxe5 Qc7 15.Qe2 Bd6
16.Bf4 Rac8 17.Bd3 Bc6 18.Re1 Rfe8 19.Qe3 Ng4 20.Qg3 Nxe5 21.Bxe5 Bxe5 22.Rxe5 Kf8
23.Qe3 Qd7 24.Rh5 b5 25.h3 f5 26.Ne2 Qf7 27.Rh4 Qf6 28.Rh5 Qg6 29.Nf4 Qf6
30.g4 g5 31.Ng2 f4 32.Qc5+ Kg7 33.Qa7+ Re7 34.Qxa6 Rec7 35.Qb6 Qe5 36.c3 Qd5
37.f3 Qxd3 38.Ne1 Qe3+  0-1

[Event "Politiken Cup 2013"]
[Site "Helsingor DEN"]
[Date "2013.08.01"]
[Round "7.75"]
[White "Jacobsen,Fredrik Beer"]
[Black "Collareta,G"]
[Result "0-1"]
[WhiteElo "1935"]
[BlackElo "2108"]

1.e4 c5 2.Nc3 Nc6 3.Bb5 Nd4 4.Bc4 e6 5.Nge2 g6 6.O-O Ne7 7.d3 Bg7 8.Nxd4 cxd4
9.Ne2 O-O 10.f4 Kh8 11.f5 exf5 12.exf5 Nxf5 13.g4 Ne3 14.Bxe3 dxe3 15.Bxf7 d5
16.Nc3 d4 17.Ne4 Qd7 18.Qf3 Qxg4+ 19.Qxg4 Bxg4 20.Bd5 Bh6 21.Nd6 e2 22.Rxf8+ Rxf8
23.Nf7+ Kg7 24.Nxh6 Kxh6 25.Bxb7 Rb8 26.Bd5 Rxb2 27.Bb3 Kg5 28.Kf2 Kf4 29.Rg1 g5
30.a4 a5 31.Re1 Bf3 32.Rg1 g4 33.Re1 h5 34.Rc1 h4 35.Rg1 g3+  0-1

[Event "9th Ribeira Valley Open 2013"]
[Site "Registro BRA"]
[Date "2013.08.01"]
[Round "6.5"]
[White "Daneri,M"]
[Black "Fernandez,Dani"]
[Result "0-1"]
[WhiteElo "2135"]
[BlackElo "2405"]

1.e4 c5 2.Nc3 Nc6 3.Bb5 Nd4 4.Bc4 e6 5.Nf3 Qc7 6.d3 a6 7.Nxd4 cxd4 8.Ne2 Nf6
9.Bf4 d6 10.Bb3 Be7 11.O-O O-O 12.h3 b5 13.Bh2 Qb6 14.a4 bxa4 15.Rxa4 e5
16.Qd2 Bd7 17.Ra2 Be6 18.Bxe6 fxe6 19.Kh1 Nd7 20.f3 h6 21.Rfa1 Bg5 22.Qa5 Qc6
23.b4 Kh7 24.Qa4 Qb7 25.Qb3 Rfe8 26.f4 Bf6 27.g4 d5 28.exd5 Nb6  0-1

[Event "100th ch-GBR 2013"]
[Site "Torquay ENG"]
[Date "2013.08.01"]
[Round "4.43"]
[White "Mercs,P"]
[Black "Thorpe,Thomas"]
[Result "1-0"]
[WhiteElo "2109"]
[BlackElo "1875"]

1.e4 c5 2.Nf3 Nc6 3.Nc3 g6 4.d4 cxd4 5.Nxd4 Bg7 6.Nb3 b6 7.Be3 Bb7 8.Qd2 Rc8
9.f3 Nf6 10.Bh6 O-O 11.Bxg7 Kxg7 12.O-O-O d6 13.g4 Ne5 14.Be2 Qd7 15.g5 Nh5
16.f4 Nc4 17.Qd4+ e5 18.fxe5 Nxe5 19.Qxe5+ dxe5 20.Rxd7  1-0

[Event "39th Badalona Open A"]
[Site "Badalona ESP"]
[Date "2013.08.02"]
[Round "1.1"]
[White "Vocaturo,D"]
[Black "Chirivi C,Y"]
[Result "1-0"]
[WhiteElo "2549"]
[BlackElo "2206"]

1.e4 c5 2.Nc3 Nc6 3.Bb5 Nd4 4.Bc4 e6 5.Nge2 Ne7 6.Nxd4 cxd4 7.Ne2 Nc6 8.O-O a6
9.d3 b5 10.Bb3 Bc5 11.f4 Na5 12.f5 Nxb3 13.cxb3 h5 14.Qe1 h4 15.a4 Bb6 16.Bf4 d6
17.fxe6 Bxe6 18.Qf2 g5 19.Bd2 Rc8 20.Rac1 Rxc1 21.Rxc1 g4 22.Qf4 Kd7 23.Be1 Rh5
24.Qd2 Rh7 25.Bf2 g3 26.hxg3 h3 27.gxh3 Rxh3 28.Nf4 Rh7 29.Qc2 Qh8 30.Qc6+ Ke7
31.Qb7+ Kf6 32.Qxb6 Rh1+ 33.Kg2 Qh2+ 34.Kf3 Rxc1 35.Qd8+  1-0

[Event "Politiken Cup 2013"]
[Site "Helsingor DEN"]
[Date "2013.08.02"]
[Round "8.59"]
[White "Ivarsson,T"]
[Black "Rasmussen,L2"]
[Result "1-0"]
[WhiteElo "2121"]
[BlackElo "1977"]

1.e4 c5 2.Nc3 Nc6 3.Bb5 Nd4 4.Bc4 e6 5.Nge2 Ne7 6.Nxd4 cxd4 7.Ne2 Nc6 8.O-O Bc5
9.d3 O-O 10.Bd2 a6 11.Bb3 b5 12.Ng3 Kh8 13.f4 Na5 14.Qg4 Nxb3 15.cxb3 e5
16.fxe5 d6 17.Qh5 g6 18.Qg5 Qxg5 19.Bxg5 dxe5 20.Bf6+ Kg8 21.Bxe5 Be6 22.Rac1 Rac8
23.Rc2 Rfd8 24.Rfc1 Bd6 25.h3 Kf8 26.Bf6 Rxc2 27.Rxc2 Rc8 28.Rxc8+ Bxc8 29.Kf2 Ke8
30.Ne2 Kd7 31.Bxd4 Bc7 32.Bc5 Ke6 33.b4 Be5 34.d4 Bg7 35.d5+ Kd7 36.Bd4 Bf8
37.a3 Bb7 38.Bf6 Kd6 39.Ke3 Bh6+ 40.Kd3 Kd7 41.Nd4 Bc1 42.Nb3  1-0

[Event "23rd Pobla De Lillet"]
[Site "La Pobla de Lillet ESP"]
[Date "2013.08.02"]
[Round "1.10"]
[White "Ayza Ballester,J"]
[Black "Cuxart Taltavull,A"]
[Result "1-0"]
[WhiteElo "2217"]
[BlackElo "1718"]

1.e4 c5 2.Nf3 Nc6 3.Nc3 Nf6 4.d4 cxd4 5.Nxd4 e6 6.Nxc6 bxc6 7.Bd3 Be7 8.O-O O-O
9.e5 Nd5 10.Ne4 f5 11.Nd6 a5 12.c4 Nb4 13.Be2 Rb8 14.b3 Qc7 15.Be3 Bxd6 16.exd6 Qd8
17.Bd4 Qh4 18.f4 Na6 19.Rf3 c5 20.Be5 Bb7 21.Rg3 g6 22.Qe1 Qd8  1-0

[Event "16th Olomouc Open"]
[Site "Olomouc CZE"]
[Date "2013.08.02"]
[Round "2.7"]
[White "Vrana,J"]
[Black "Furman,Bo"]
[Result "1/2-1/2"]
[WhiteElo "2356"]
[BlackElo "2164"]

1.e4 c5 2.Nf3 Nc6 3.Nc3 d6 4.Bb5 e5 5.O-O g6 6.d3 Bg7 7.Nd5 h6 8.c3 Ne7 9.d4 cxd4
10.cxd4 O-O 11.dxe5 dxe5 12.Be3 Nxd5 13.Qxd5 Be6 14.Qxd8 Rfxd8 15.Bxc6 bxc6
16.Rfc1 a5 17.Rxc6 Bxa2 18.Bb6 Rd7 19.h3 Bb3 20.Rxa5 Rxa5 21.Bxa5 f6 22.Nd2 Ba4
23.Rb6 Rd3 24.b3 Be8 25.Kf1 Kf7 26.Ke2 Rd7 27.Bb4 Ra7 28.Nc4 Bd7 29.Bc5 Rc7
30.Nd6+ Kg8 31.b4 Bf8 32.Rb8 Kg7 33.Nb7 Bb5+ 34.Ke3 Bxc5+ 35.Nxc5 Bc4 36.h4 h5
37.Rb7 Rxb7 38.Nxb7 Kf8 39.Kd2 Ke7 40.Kc3 Bf1 41.g3 Bg2 42.Nc5 Kd6 43.Kb3 Kc6
44.Ka4 Bf3 45.Ka5 Bg2 46.Ka4 Bf3 47.Kb3 Bg2 48.Kc3 Bf3 49.Kd3 Bg2 50.f4 Bh3
51.fxe5 fxe5 52.Ke3 Bf1 53.Nd3 Kd6 54.Ne1 Kc6 55.Nd3 Kd6 56.Kd2 Bg2 57.Nc5 Kc6
58.Kc3 Bf3 59.Kb3 Be2 60.Ka4 Bf1 61.Ka5 Bc4 62.Na4 Be2 63.Nc3 Bd3 64.b5+ Kc5
65.b6 Kc6 66.Na4 Bxe4 67.Ka6 Kd6 68.b7 Bxb7+ 69.Kxb7 Kd5 70.Kc7 Ke4 71.Kd6 Kf3
72.Kxe5 Kxg3 73.Nc3 Kxh4 74.Kf4 g5+ 75.Kf3 Kh3 76.Kf2 Kh2 77.Ne4 g4 78.Ng3 h4
79.Nf1+  1/2-1/2

[Event "5th Rethymno Open"]
[Site "Rethymno GRE"]
[Date "2013.08.02"]
[Round "7.11"]
[White "Soukos,K"]
[Black "Goumas,G"]
[Result "1-0"]
[WhiteElo "2142"]
[BlackElo "2381"]

1.e4 c5 2.Nc3 Nc6 3.Bb5 Na5 4.Nf3 a6 5.Be2 e6 6.O-O b5 7.d4 cxd4 8.Nxd4 Bb7
9.Re1 Qc7 10.Bf3 Ne7 11.Ndxb5 axb5 12.Nxb5 Qc6 13.Nd6+ Kd8 14.Nxf7+ Ke8 15.Nxh8 e5
16.Bg4 Bc8 17.Qf3 Qc4 18.Qh3 Qg8 19.Be3 Nac6 20.Red1 Nb8 21.f4 Qxh8 22.fxe5 Qg8
23.e6 dxe6 24.Rd6 Nf5 25.Bxf5 Bxd6 26.Bxh7 Qf7 27.Rf1 Qb7 28.Bg6+ Kd8 29.Qh8+ Kc7
30.Qxg7+ Bd7 31.e5 Bb4 32.a3 Ba5 33.Qe7 Nc6 34.Qd6+ Kc8 35.Be4 Bd8 36.Rf8 Ra6
37.Bg5 Qb6+ 38.Kh1 Qxb2 39.h4 Rxa3 40.Bxc6 Rh3+ 41.gxh3 Qb1+ 42.Kh2 Qxc2+
43.Bg2  1-0

[Event "9th Tabor Open 2013"]
[Site "Tabor CZE"]
[Date "2013.08.02"]
[Round "7.22"]
[White "Toman,Ondrej"]
[Black "Landa,Jiri"]
[Result "1-0"]
[WhiteElo "2061"]
[BlackElo "1910"]

1.e4 c5 2.Nc3 Nc6 3.Bb5 d6 4.Bxc6+ bxc6 5.d3 Nf6 6.h3 e6 7.Bg5 Be7 8.Nf3 O-O
9.e5 Nd5 10.Bxe7 Nxe7 11.exd6 Qxd6 12.Ne4 Qb8 13.b3 f5 14.Ned2 Ng6 15.O-O Ba6
16.Re1 e5 17.Qc1 Qd6 18.Qb2 Rfe8 19.Qa3 Bc8 20.Nc4 Qd5 21.Nb6 axb6 22.Qxa8 Nf4
23.Rxe5  1-0

[Event "Arad Open 2013"]
[Site "Arad ROU"]
[Date "2013.08.03"]
[Round "1.5"]
[White "Stojanovic,Da"]
[Black "Lucan,M"]
[Result "1-0"]
[WhiteElo "2514"]
[BlackElo "1861"]

1.e4 c5 2.Nc3 Nc6 3.Bb5 Nd4 4.Bc4 e6 5.Nf3 a6 6.Nxd4 cxd4 7.Ne2 Bc5 8.d3 Ne7
9.Bb3 O-O 10.O-O f5 11.Bg5 Kh8 12.exf5 Rxf5 13.f4 h6 14.Bxe7 Qxe7 15.Ng3 Rf8
16.f5 Bd6 17.Qe1 Bxg3 18.Qxg3 e5 19.f6 gxf6 20.Qh4 Qg7 21.Rf3 d6 22.Rg3 Qh7
23.Rf1 f5 24.Qh5 Bd7 25.Qg6 f4 26.Qxd6 Qf5 27.Qxh6+ Qh7 28.Qd6 Rf5 29.Rg6 Rf6  1-0

[Event "Charleroi Open 2013"]
[Site "Charleroi BEL"]
[Date "2013.08.03"]
[Round "9.5"]
[White "Vandevoort,P"]
[Black "Maalla,A"]
[Result "1-0"]
[WhiteElo "2384"]
[BlackElo "2118"]

1.e4 c5 2.Nc3 Nc6 3.Bb5 e6 4.Bxc6 dxc6 5.d3 e5 6.h3 Be6 7.Nf3 f6 8.Be3 Bd6
9.Nd2 Qe7 10.Nc4 Bc7 11.a4 b6 12.Qe2 Qf7 13.a5 b5 14.Nd2 Bd6 15.f3 Ne7 16.Qf2 O-O
17.Bxc5 Bb8 18.b3 Rd8 19.Na2 Ng6 20.Nb4 Qb7 21.a6 Qc8 22.h4 Nf8 23.c3 Nd7
24.Be3 Bd6 25.Nc2 c5 26.O-O Rb8 27.Rfc1 Qc7 28.Na3 Rb6 29.c4 bxc4 30.bxc4 Rxa6
31.Nb5 Qb6 32.Rab1 Qc6 33.Nc3 Ra3 34.Qe2 f5 35.exf5 Bxf5 36.Nde4 Bf8 37.Bg5 Re8
38.Ra1 Rxa1 39.Rxa1 a6 40.Qa2 Re6 41.Qa4 Qb7 42.Nd5 h6 43.Be3 Qb2 44.Qa3 Qe2
45.Bf2 Bxe4 46.dxe4 Qxc4 47.Rc1 Qe2 48.Re1 Qd2 49.Qb3 Kh7 50.Qb7 Rd6 51.Qc8 Qb2
52.h5 Qb5 53.Rc1 Qc6 54.Qe8 Re6 55.Qf7 Qd6 56.Rb1 c4 57.Rb7 Be7 58.Bh4 Bxh4
59.Rxd7 Re7 60.Nxe7 Qb8 61.Qf5+  1-0

[Event "Politiken Cup 2013"]
[Site "Helsingor DEN"]
[Date "2013.08.03"]
[Round "9.87"]
[White "Skjoldager,F"]
[Black "Alfven,Jorgen"]
[Result "0-1"]
[WhiteElo "1979"]
[BlackElo "1851"]

1.e4 c5 2.Nf3 Nc6 3.Nc3 g6 4.d4 cxd4 5.Nxd4 Bg7 6.Be3 Nf6 7.Nb3 d6 8.Be2 O-O
9.O-O a6 10.a4 b6 11.f4 Qc7 12.Bf3 Rb8 13.Nd4 Nxd4 14.Bxd4 e5 15.Be3 Be6
16.Rf2 Rfd8 17.Rd2 exf4 18.Bxf4 Qc5+ 19.Kh1 Ne8 20.Ra3 b5 21.axb5 axb5 22.e5 Bxe5
23.Ne4 Qc7 24.Bxe5 dxe5 25.Rc3 Qe7 26.h3 f5 27.Nf2 e4 28.Be2 b4 29.Re3 Rxd2
30.Qxd2 Rd8 31.Qe1 Qc5 32.Bd1 Nf6 33.c3 Nd5 34.Re2 bxc3 35.bxc3 Qxc3 36.Qg1 e3  0-1

[Event "Politiken Cup 2013"]
[Site "Helsingor DEN"]
[Date "2013.08.03"]
[Round "9.43"]
[White "Boukhris Ferre,Y"]
[Black "Heedt,T"]
[Result "1-0"]
[WhiteElo "2058"]
[BlackElo "2173"]

1.e4 c5 2.Nc3 Nc6 3.Bb5 Nd4 4.Nf3 g6 5.O-O Bg7 6.Bc4 e6 7.Nxd4 cxd4 8.Nb5 a6
9.Nd6+ Ke7 10.Nxc8+ Rxc8 11.d3 Nh6 12.Qf3 Qa5 13.Qg3 Qh5 14.Bd2 a5 15.a4 Be5
16.Qg5+ Qxg5 17.Bxg5+ f6 18.Bxh6 g5 19.f4 Bxf4 20.Bg7 Rhg8 21.Bxf6+ Kxf6
22.g3 Rc5 23.gxf4 gxf4+ 24.Kh1 Rcg5 25.Rf3 Rf8 26.Rg1 Rfg8 27.Rxg5 Rxg5 28.Rf2 h5
29.Rg2 Rg4 30.Bb5 Kf7 31.Rxg4 hxg4 32.Kg2 e5 33.Bc4+ Ke7 34.c3 dxc3 35.bxc3 Kf6
36.Bb3 Kg5 37.Bd1 Kh4 38.Be2 d6 39.Bd1 b6 40.d4 f3+ 41.Bxf3 gxf3+ 42.Kxf3 b5
43.dxe5 dxe5 44.Ke2 bxa4 45.Kd3 Kg5 46.c4 Kf4 47.c5 a3 48.Kc2 a2 49.Kb2 Kxe4
50.c6 a1=Q+ 51.Kxa1  1-0

[Event "16th Olomouc IM Prima Pack"]
[Site "Olomouc CZE"]
[Date "2013.08.03"]
[Round "4.2"]
[White "Efroimski,M"]
[Black "Klima,L"]
[Result "1-0"]
[WhiteElo "2297"]
[BlackElo "2353"]

1.e4 c5 2.Nf3 Nc6 3.Nc3 Nf6 4.Bb5 Qc7 5.O-O Nd4 6.Re1 a6 7.Bf1 d6 8.Nd5 Nxd5
9.exd5 Bg4 10.c3 Nxf3+ 11.gxf3 Bd7 12.d4 O-O-O 13.b4 e6 14.c4 Be7 15.Rb1 Rhe8
16.Be3 cxd4 17.Qxd4 e5 18.Qa7 Qb8 19.Qb6 Bf5 20.Rbc1 Qc7 21.b5 Qxb6 22.Bxb6 axb5
23.cxb5+ Kb8 24.Bc7+  1-0

[Event "9th Ribeira Valley Open 2013"]
[Site "Registro BRA"]
[Date "2013.08.03"]
[Round "9.17"]
[White "Queiroz,Alberto Becker"]
[Black "Barata,A"]
[Result "1-0"]
[WhiteElo "1988"]
[BlackElo "2162"]

1.e4 c5 2.Nc3 Nc6 3.Nf3 g6 4.Bb5 Bg7 5.O-O Nd4 6.Bc4 d6 7.Ng5 Nh6 8.d3 O-O
9.Ne2 e6 10.c3 Nxe2+ 11.Qxe2 d5 12.Bb3 a5 13.a4 dxe4 14.dxe4 Qb6 15.Bc4 f6
16.Nf3 Nf7 17.Rd1 Qc7 18.Bb5 e5 19.Qc4 Kh8 20.Be3 b6 21.Rd2 Nd6 22.Qd5 Nxb5
23.axb5 Bb7 24.Qd6 Qxd6 25.Rxd6 Bxe4 26.Nd2 Bc2 27.Rxb6 Rfc8 28.Nc4 a4 29.Rd6 Rcb8
30.b6 f5 31.Rd7 Bb3 32.b7 Ra6 33.Rc7  1-0

[Event "5th Rethymno Open"]
[Site "Rethymno GRE"]
[Date "2013.08.03"]
[Round "8.9"]
[White "Phadke,So1"]
[Black "Zinchenko,Ya"]
[Result "1/2-1/2"]
[WhiteElo "2211"]
[BlackElo "2536"]

1.e4 c5 2.Nf3 Nc6 3.Nc3 d6 4.d4 cxd4 5.Nxd4 Nf6 6.Bc4 e6 7.Be3 a6 8.Bb3 Qc7
9.f4 Na5 10.O-O b5 11.f5 e5 12.Nde2 Bb7 13.Nd5 Nxd5 14.Bxd5 Nc4 15.Qc1 Bxd5
16.exd5 Qb7 17.b3 Nxe3 18.Qxe3 Qxd5 19.Nc3 Qc5 20.Qxc5 dxc5 21.Nd5 O-O-O
22.c4 Bd6 23.a4 bxc4 24.bxc4 Kd7 25.Rab1 Rb8 26.Kf2 e4 27.h3 Rhe8 28.Ke3 Kc6
29.Rfd1 h5 30.g4 h4 31.Rf1 Bg3 32.Rfd1 Bd6 33.Rf1 Bg3 34.Rfd1 f6 35.Rf1 Bc7
36.Rfd1 Bd6 37.Rf1 Bh2 38.Rfd1 Bg3 39.Rf1 Bh2 40.Rfd1 Bd6 41.Rf1 Bg3  1/2-1/2

[Event "9th Tabor Open 2013"]
[Site "Tabor CZE"]
[Date "2013.08.03"]
[Round "8.51"]
[White "Eder,Antonin"]
[Black "Vystrcil,Martin"]
[Result "1/2-1/2"]
[WhiteElo "1548"]
[BlackElo "1768"]

1.e4 c5 2.Nc3 Nc6 3.Nf3 g6 4.g3 Bg7 5.Bg2 e6 6.O-O Nge7 7.d3 d5 8.exd5 exd5
9.Re1 O-O 10.a3 Bg4 11.h3 Bxf3 12.Bxf3 Nd4 13.Bg2 Qd7 14.Ne2 Nxe2+ 15.Rxe2 Rad8
16.c3 d4 17.c4 Nf5 18.Bf4 Bh6 19.Bxh6 Nxh6 20.Qb3 b6 21.Qc2 Rfe8 22.Rae1 Nf5
23.Kh2 Nd6 24.a4 Rxe2 25.Rxe2 a6 26.b3 g5 27.Bf3 h6 28.Bg4 f5 29.Bf3 Kh8
30.Bh5 g4 31.hxg4 fxg4 32.Qd2 Kg7 33.Qf4 Qf5 34.Qxf5 Nxf5 35.Bxg4 Nd6 36.Re5 Nf7
37.Re7 Kf8 38.Re6 Rd6 39.f4 Kg7 40.Kg2 Rxe6 41.Bxe6 Nd6 42.Kf3 Kf6 43.Bd7 Ke7
44.Bh3 Kf6 45.Bd7 Ke7  1/2-1/2

[Event "7th Wasselonne Open"]
[Site "Wasselonne FRA"]
[Date "2013.08.03"]
[Round "5.2"]
[White "Riff,JN"]
[Black "Hirschberg,V"]
[Result "1-0"]
[WhiteElo "2427"]
[BlackElo "2317"]

1.e4 c5 2.Nc3 Nc6 3.Bb5 Nd4 4.Nf3 a6 5.Bd3 e6 6.O-O Ne7 7.Nxd4 cxd4 8.Ne2 d5
9.exd5 Nxd5 10.c3 dxc3 11.dxc3 Bd6 12.Nd4 Qc7 13.Qh5 Bd7 14.Re1 Nf6 15.Qh4 O-O-O
16.Bg5 h6 17.Bxf6 gxf6 18.Qxf6 Bxh2+ 19.Kh1 Rdf8 20.Rad1 Bf4 21.Nf3 Bc6 22.Be4 Bg5
23.Qe5 Bf4 24.Qh5 Rhg8 25.Rd4 Be8 26.Qh3 Bd6 27.Red1 Be7 28.b3 Kb8 29.Rc4 Qb6
30.Qh2+ Ka7 31.Rc8 Qxf2 32.Qb8+ Kb6 33.Qxb7+ Ka5 34.b4+  1-0

[Event "Politiken Cup 2013"]
[Site "Helsingor DEN"]
[Date "2013.08.04"]
[Round "10.42"]
[White "Poulsen,I"]
[Black "Christensen,Bo"]
[Result "1-0"]
[WhiteElo "2087"]
[BlackElo "2256"]

1.e4 c5 2.Nc3 Nc6 3.Bb5 g6 4.Bxc6 dxc6 5.d3 Bg7 6.f4 Nf6 7.Nf3 O-O 8.O-O Ng4
9.Qe1 c4 10.h3 Qb6+ 11.Kh1 Nf6 12.dxc4 Qc5 13.e5 Ne8 14.b3 Qb6 15.Ba3 Qc7
16.Rd1 f6 17.exf6 Bxf6 18.Ne4 Bg7 19.Neg5 c5 20.Ne6 Bxe6 21.Qxe6+ Kh8 22.Qd5 Rc8
23.Ng5 Qa5 24.Bc1 Nd6 25.a4 Qc3 26.Ne6 Nf5 27.Rf3 Qxc2 28.Nxf8 Nd4 29.Nxg6+ hxg6
30.Rfd3 Qf2 31.Be3 Qe2 32.Bxd4 Bxd4 33.Rxd4 cxd4 34.Qxd4+ Kh7 35.Qd3 Qh5
36.Rf1 Kh6 37.Qe3 Rc7 38.f5+ Qg5 39.Qe5 Rc8 40.Re1 Qf6 41.Qe3+ g5 42.Qxe7 Qxe7
43.Rxe7 Rb8 44.Kh2 a6 45.Kg3 b5 46.cxb5 axb5 47.a5 Rc8 48.Re6+ Kh5 49.a6 Rc3+
50.Kh2 g4 51.hxg4+ Kxg4 52.f6  1-0

[Event "XX Feria de las Flores 2013"]
[Site "Medellin COL"]
[Date "2013.08.04"]
[Round "2.29"]
[White "Prieto,E"]
[Black "Zabala,Fidel"]
[Result "1-0"]
[WhiteElo "2128"]
[BlackElo "2003"]

1.e4 c5 2.Nf3 Nc6 3.Nc3 g6 4.d4 cxd4 5.Nxd4 Bg7 6.Be3 a6 7.Qd2 e6 8.O-O-O Nge7
9.Nxc6 bxc6 10.Bh6 Bxh6 11.Qxh6 Qb6 12.Qg7 Rg8 13.Qf6 Rb8 14.Na4 Qb4 15.Qe5 f6
16.Qg3 Rb7 17.b3 Qa3+ 18.Nb2 Qxa2 19.Nc4 Qa1+ 20.Kd2 Qd4+ 21.Bd3 Kf8 22.c3 Qa7
23.Bc2 d5 24.Nd6 Rd7 25.e5 Rxd6 26.exd6 Nf5 27.Bxf5 gxf5 28.Qh4 Rg6 29.Rhe1 Kg7
30.Re3 e5 31.Rde1 f4 32.Rxe5 fxe5 33.Rxe5 Qc5 34.Re7+ Kf8 35.Qxf4+  1-0

[Event "9th Tabor Open 2013"]
[Site "Tabor CZE"]
[Date "2013.08.04"]
[Round "9.24"]
[White "Zakoucka,A"]
[Black "Sourek,Martin"]
[Result "1-0"]
[WhiteElo "1994"]
[BlackElo "1840"]

1.e4 c5 2.Nc3 Nc6 3.Bb5 g6 4.Bxc6 bxc6 5.f4 Bg7 6.d3 Rb8 7.Nf3 d6 8.O-O Qb6
9.Qe1 Bd4+ 10.Kh1 a5 11.f5 e5 12.fxe6 Bxe6 13.Ng5 Nf6 14.e5 Bxe5 15.Nxe6 fxe6
16.Rxf6 Bxf6 17.Qxe6+ Be7 18.Bg5 Qd8 19.Re1 Rb7 20.Ne4 Rf8 21.Nf6+ Rxf6 22.Qxf6 h6
23.Qxg6+  1-0

[Event "7th Wasselonne Open"]
[Site "Wasselonne FRA"]
[Date "2013.08.04"]
[Round "7.3"]
[White "Riff,JN"]
[Black "Volodin,I"]
[Result "1-0"]
[WhiteElo "2427"]
[BlackElo "2266"]

1.e4 c5 2.Nf3 Nc6 3.Nc3 g6 4.Bc4 Bg7 5.O-O d6 6.Re1 Nf6 7.h3 O-O 8.d3 e5
9.a3 Nd4 10.Nxd4 exd4 11.Ne2 d5 12.exd5 Nxd5 13.Nf4 Nb6 14.Ba2 Bd7 15.Nd5 Nxd5
16.Bxd5 Bxh3 17.Bxb7 Rb8 18.Qf3 Bg4 19.Qxg4 Rxb7 20.b3 Re8 21.Bg5 Qc8 22.Qf3 Rb6
23.Rxe8+ Qxe8 24.Bd2 Re6 25.Kf1 Bf8 26.a4 Re5 27.Re1 Rxe1+ 28.Bxe1 Qe6 29.Qa8 a6
30.Bd2 Qg4 31.Ke1 Qh5 32.g3 Kg7 33.Bf4 c4 34.bxc4 Bb4+ 35.Kf1 Qd1+ 36.Kg2 Qe2
37.Qb8  1-0

[Event "17th Godesberg Open"]
[Site "Bonn GER"]
[Date "2013.08.05"]
[Round "3.14"]
[White "Weiler,W"]
[Black "Runte,Dirk"]
[Result "1-0"]
[WhiteElo "2149"]
[BlackElo "1723"]

1.e4 c5 2.Nc3 Nc6 3.Bb5 Na5 4.Nf3 a6 5.Be2 g6 6.d4 cxd4 7.Qxd4 Nf6 8.e5 Nc6
9.Qf4 Nh5 10.Qe4 Ng7 11.Bh6 Ne6 12.Bxf8 Kxf8 13.Bc4 b5 14.Bxe6 fxe6 15.O-O-O Qc7
16.h4 b4 17.Ne2 Bb7 18.h5 Kg7 19.hxg6 hxg6 20.Nf4 Rag8 21.Rxh8  1-0

[Event "XX Feria de las Flores 2013"]
[Site "Medellin COL"]
[Date "2013.08.05"]
[Round "4.31"]
[White "Raigosa,Andrea"]
[Black "Zapata,JuanC"]
[Result "0-1"]
[WhiteElo "1846"]
[BlackElo "2087"]

1.e4 c5 2.Nc3 Nc6 3.Bb5 Nd4 4.f4 e6 5.d3 Nf6 6.Nf3 a6 7.Ba4 b5 8.Bb3 d5 9.exd5 exd5
10.Nxd4 cxd4 11.Ne2 Bc5 12.O-O O-O 13.h3 Re8 14.Qe1 Qe7 15.Rf2 a5 16.a3 Ra6
17.f5 a4 18.Ba2 Bxf5 19.Rxf5 Qxe2 20.Qxe2 Rxe2 21.Bxd5 Rxc2 22.b4 axb3 23.Bxb3 Rc3
24.Bb2 g6 25.Bxc3 gxf5 26.Bb2 Kg7 27.Rf1 Kg6 28.Rf4 Rd6 29.Kf2 Nh5 30.Bxf7+ Kxf7
31.Rxf5+ Rf6  0-1

[Event "XX Feria de las Flores 2013"]
[Site "Medellin COL"]
[Date "2013.08.05"]
[Round "4.14"]
[White "Prieto,E"]
[Black "Betancourt,D"]
[Result "1-0"]
[WhiteElo "2128"]
[BlackElo "2216"]

1.e4 c5 2.Nf3 Nc6 3.Nc3 g6 4.d4 cxd4 5.Nxd4 Bg7 6.Be3 Nf6 7.Nb3 O-O 8.f3 a5
9.a4 d5 10.exd5 Nb4 11.Bc4 Qc7 12.Nd2 Qe5 13.Kf2 Nfxd5 14.Bxd5 Nxd5 15.Nxd5 Qxd5
16.Qe2 Bxb2 17.Rad1 Qc6 18.Nc4 Bf6 19.Nb6 Ra6 20.Qb5 Be6 21.c4 Qc7 22.g3 h5
23.c5 Rd8 24.Bf4 Rxd1 25.Bxc7 Rxh1 26.c6 Ra7 27.Nd7 Bd4+ 28.Ke2 Rxh2+ 29.Kd3 Rb2
30.Qg5 bxc6 31.Qxe7 Rbb7 32.Qf8+ Kh7 33.Kxd4  1-0

[Event "17th Godesberg Open"]
[Site "Bonn GER"]
[Date "2013.08.07"]
[Round "5.3"]
[White "Boidman,Y"]
[Black "Khanukov,B"]
[Result "1-0"]
[WhiteElo "2403"]
[BlackElo "2359"]

1.e4 c5 2.Nf3 Nc6 3.Nc3 g6 4.Bb5 Bg7 5.O-O Nh6 6.d3 O-O 7.h3 d6 8.Be3 f6
9.d4 cxd4 10.Nxd4 Nxd4 11.Bxd4 Nf7 12.Bc4 Bd7 13.Bb3 b5 14.a4 bxa4 15.Nxa4 Qc7
16.Nc3 e6 17.f4 Kh8 18.f5 gxf5 19.exf5 e5 20.Be3 Bc6 21.Nd5 Qb7 22.Ra5 Bh6
23.Bxh6 Nxh6 24.Qd2 Ng8 25.Rd1 Rad8 26.Rda1 Ra8 27.Kh2 Qd7 28.Qf2 Nh6 29.g4 Qg7
30.Rxa7 Qg5 31.Rxa8 Bxa8 32.Rg1 Rg8 33.Nc7 Rc8 34.Ne6 Qg8 35.Qh4 Nxf5 36.gxf5 Qf7
37.Nd8 Qg7 38.Rxg7  1-0

[Event "XX Feria de las Flores 2013"]
[Site "Medellin COL"]
[Date "2013.08.07"]
[Round "8.37"]
[White "Rangel,C"]
[Black "Zabala,Fidel"]
[Result "0-1"]
[WhiteElo "2070"]
[BlackElo "2003"]

1.e4 c5 2.Nc3 Nc6 3.Nge2 g6 4.d4 cxd4 5.Nxd4 Bg7 6.Be3 a6 7.Be2 d6 8.a4 Nf6
9.O-O O-O 10.Nb3 Be6 11.f4 Bxb3 12.cxb3 Rc8 13.Bf3 h5 14.f5 Ne5 15.fxg6 Nxf3+
16.gxf3 fxg6 17.Rf2 Qe8 18.a5 Qf7 19.Ra4 Nd7 20.Nd5 Ne5 21.Nb6 Rc6 22.Nc4 Nxc4
23.bxc4 Rfc8 24.b3 e6 25.Kg2 Bf6 26.Raa2 Bh4 27.Rf1 R8c7 28.Rd2 Rd7 29.Kh1 Kh7
30.Rg1 Bf6 31.Qe2 Re7 32.Bb6 Be5 33.Be3 Qf6 34.Qf1 Qh4 35.Qg2  0-1

[Event "39th Badalona Open A"]
[Site "Badalona ESP"]
[Date "2013.08.08"]
[Round "7.4"]
[White "Guerra Mendez,J"]
[Black "Gallego Alcaraz,A"]
[Result "1-0"]
[WhiteElo "2516"]
[BlackElo "2421"]

1.e4 c5 2.Nf3 Nc6 3.Nc3 Nf6 4.d4 cxd4 5.Nxd4 e5 6.Ndb5 d6 7.Bg5 a6 8.Na3 b5
9.Nd5 Be7 10.Bxf6 Bxf6 11.c4 b4 12.Nc2 O-O 13.g3 Bg5 14.Bg2 a5 15.O-O Bb7
16.Qd3 Nb8 17.h4 Bh6 18.Nde3 Bxe3 19.Nxe3 Ra6 20.a3 bxa3 21.Rxa3 Nd7 22.b4 Qa8
23.Rfa1 a4 24.Nf5 Qb8 25.c5 dxc5 26.Qxd7 cxb4 27.Rxa4 b3 28.Qd2 Rd8 29.Qb2  1-0

[Event "100th ch-GBR 2013"]
[Site "Torquay ENG"]
[Date "2013.08.08"]
[Round "10.37"]
[White "Balaji,Ananthanarayanan"]
[Black "Mercs,P"]
[Result "1/2-1/2"]
[WhiteElo "1946"]
[BlackElo "2109"]

1.e4 c5 2.Nc3 Nc6 3.Bb5 g6 4.Bxc6 dxc6 5.f4 Bg7 6.Nf3 Nf6 7.d3 Nd7 8.O-O Nf8
9.Be3 b6 10.Qd2 Ne6 11.Kh1 Nd4 12.f5 gxf5 13.Bh6 Bxh6 14.Qxh6 Qd6 15.Qg7 Qf6
16.Qxf6 exf6 17.Rf2 Kf8 18.Raf1 Be6 19.Nxd4 cxd4 20.Ne2 Rd8 21.exf5 Bc8 22.Ng3 h5
23.Rf4 h4 24.Ne4 Rh6 25.h3 c5 26.Rg4 Rd5 27.Rgf4 Ke7 28.Re1 Re5 29.Kg1 Rh5
30.Ref1 Bxf5 31.Nd2 Be6 32.Nf3 Re2 33.Rf2 Rxf2 34.Kxf2 Bd5 35.Nxh4 Ke6 36.a3 b5
37.Nf3 a5 38.Nd2 Ke5 39.Rg4 f5 40.Rg8 c4 41.Rb8 c3 42.bxc3 dxc3 43.Nf3+ Kd6
44.Rxb5 a4 45.d4 Be4 46.Rc5 Bxc2 47.Rxc3 Bb3 48.Ke3 Rh8 49.Rc5 Rb8 50.h4 Bd5
51.Kf4 Rg8 52.Rc2 Be4 53.Rb2 f6 54.Ke3 Bc6 55.Kf2 Bd7 56.Rb6+ Ke7 57.Rb1 Rc8
58.Re1+ Kf7 59.Rb1 Rc2+ 60.Kg3 f4+ 61.Kxf4 Rxg2 62.Rg1 Ra2 63.h5 Bc6 64.h6 Bxf3
65.h7 Rh2 66.Kxf3  1/2-1/2

[Event "TCh-ESP CECLUB Div2"]
[Site "Ciudad Real ESP"]
[Date "2013.08.09"]
[Round "4.1"]
[White "Martinez Lopez,D"]
[Black "Genov,Peta"]
[Result "0-1"]
[WhiteElo "2238"]
[BlackElo "2448"]

1.e4 c5 2.Nf3 Nc6 3.Nc3 Nf6 4.d4 cxd4 5.Nxd4 e5 6.Ndb5 h6 7.Nd6+ Bxd6 8.Qxd6 Qe7
9.Qxe7+ Kxe7 10.Be3 d6 11.O-O-O Be6 12.f3 a6 13.b3 Rac8 14.Kb2 Nb8 15.Na4 Nfd7
16.c4 f5 17.exf5 Bxf5 18.Bd3 Bxd3 19.Rxd3 Nf6 20.Re1 Nbd7 21.Nc3 Rhe8 22.Bf2 Rc6
23.Red1 Rec8 24.R1d2 Rb8 25.a4 Rd8 26.Bg3 g5 27.Bf2 Nc5 28.Bxc5 Rxc5 29.Nd5+ Nxd5
30.Rxd5 Rxd5 31.Rxd5 Ke6 32.Kc3 h5 33.Kd3 g4 34.Ke3 Rf8 35.Rd2 gxf3 36.gxf3 Rg8
37.Kf2 h4 38.Rd1 h3 39.Rg1 Rxg1 40.Kxg1 d5 41.Kf2 d4 42.a5 Kf5 43.b4 e4 44.b5 e3+
45.Ke2 Kf4 46.c5 d3+ 47.Kxd3 Kxf3 48.c6 bxc6 49.b6 e2 50.b7 e1=Q 51.b8=Q Qd1+
52.Kc3 Qc1+ 53.Kd3 Qa3+ 54.Kc2 Qa4+ 55.Kc3 Qxa5+ 56.Kc2 Qf5+ 57.Kc3 Qc5+
58.Kd2 Qd4+ 59.Kc2 Qc4+ 60.Kd1 Qa4+ 61.Ke1 Qe4+ 62.Kd1 Qd3+ 63.Kc1 Qc3+ 64.Kd1 Qd4+
65.Kc2 Qc4+ 66.Kd1 Qd3+ 67.Kc1 Qe3+ 68.Kd1 Kg2 69.Kc2 Kg1 70.Qd6 Qe4+ 71.Kc3 Qf3+
72.Kc2 a5 73.Qe5 a4 74.Kb1 Qb3+ 75.Ka1 Qd1+ 76.Kb2 Qd2+ 77.Kb1 Qd3+ 78.Ka1 Qf3
79.Kb1 a3 80.Kc2 Qg2+ 81.Kc3 Qb2+  0-1

[Event "HZ Open 2013"]
[Site "Vlissingen NED"]
[Date "2013.08.09"]
[Round "8.41"]
[White "Brookes,C"]
[Black "Ijzermans,Cees"]
[Result "1-0"]
[WhiteElo "2112"]
[BlackElo "1959"]

1.e4 c5 2.Nf3 Nc6 3.Nc3 e6 4.b3 Qc7 5.Bb2 a6 6.a4 Nf6 7.Be2 d5 8.exd5 exd5
9.d4 cxd4 10.Nxd4 Bc5 11.Nxc6 bxc6 12.Bf3 O-O 13.O-O Re8 14.Qd3 Ng4 15.Bxg4 Bxg4
16.Rfe1 Qf4 17.Qf1 Qd2 18.Rac1 Bd4 19.Rxe8+ Rxe8 20.Nb1 Qf4 21.Bxd4 Qxd4
22.Qxa6 Qb2 23.Qf1 Be2 24.Qe1 Re6 25.Qd2 h6 26.Nc3 Bd3 27.h3 Bg6 28.a5 Qa3
29.Na4 Re2 30.Qxe2 Qxc1+ 31.Kh2 Bxc2 32.a6 Bxb3 33.a7 Qf4+ 34.g3 Qxa4 35.Qe8+ Kh7
36.a8=Q  1-0